les meilleurs buteurs étrangers - Statistiques

Statistiques générales
  • Ce quiz a été pris 77 fois
  • Le résultat moyen est 4 sur 7
Statistiques - réponses
Question Réponse % Correct
qui est le meilleur buteur étranger du championnat turque cette saison? Victor Osimhen
97%
qui est le meilleur buteur du championnat suisse cette saison? Xherdan Shaqiri
69%
qui est le meilleur buteur étranger du championnat hollandais cette saison? Igor Paixao
59%
qui est le meilleur buteur brésilien du championnat anglais cette saison? Matheus Cunha
55%
qui est le meilleur buteur asiatique du championnat écossais cette saison? Daizen Maeda
48%
qui est le meilleur buteur du championnat de la deuxième division espagnol cette saison? Luis Suárez
41%
qui est le meilleur buteur étranger du championnat belge cette saison? Tolu Arokodare
28%
Aucun quiz correspondant
Distribution des résultats
% des personnes avec chaque résultat
Percentile par nombre de réponses
Votre historique - résultats
Vous n’avez pas pris ce quiz